El juicio arbitral
Guardat en:
| Autor principal: | |
|---|---|
| Format: | Llibre |
| Idioma: | espanyol |
| Publicat: |
Santiago
Jurídica de Chile
2005
|
| Edició: | 5a. ed |
| Matèries: | |
| Etiquetes: |
Afegir etiqueta
Sense etiquetes, Sigues el primer a etiquetar aquest registre!
|
MARC
| LEADER | 00000nam a2200000 a 4500 | ||
|---|---|---|---|
| 001 | UCK6360 | ||
| 003 | CL-VaPUC | ||
| 008 | 050930e20050000CL |||||||||||||||||spa|d | ||
| 020 | |a 9561016192 | ||
| 082 | 0 | 4 | |a 347.09 |b AYL |2 21 |
| 100 | |a Aylwin Azócar, Patricio, |d 1918-2016 |e author |9 368860 | ||
| 245 | 1 | 3 | |a El juicio arbitral |
| 250 | |a 5a. ed | ||
| 300 | |a 519 p | ||
| 942 | |c BK | ||
| 945 | |d 20050930 00:00:00 |a cmena | ||
| 260 | |a Santiago |b Jurídica de Chile |c 2005 | ||
| 650 | 0 | |a Juicio arbitral |9 254865 | |
| 650 | 0 | |a Tribunales |9 254872 | |
| 650 | 0 | |a Sentencias |9 256250 | |
| 583 | |a last modification |c 20050930 00:00:00 |k Rodrigo Vera | ||
| 999 | |c 314647 |d 314645 | ||
| 952 | |0 0 |1 0 |4 0 |6 347_090000000000000_AYL_2005 |7 0 |8 A |9 387254 |a BIBDER |b BIBDER |d 2019-11-22 |i 4169093 |o 347.09 AYL 2005 |p 4169093 |r 2023-01-25 |w 2019-11-22 |y BK |k DER | ||
| 952 | |0 0 |1 0 |4 0 |6 347_090000000000000_AYL_2005 |7 0 |8 A |9 387255 |a BIBDER |b BIBDER |d 2019-11-22 |i 4394127 |l 1 |m 6 |o 347.09 AYL 2005 |p 4394127 |q 2025-12-31 |r 2020-01-24 |s 2020-01-24 |w 2019-11-22 |y BK |k DER | ||